000 00805nam a2200253 i 4500
001 6948
003 ES-MaACL
005 20230906145128.0
007 t|
008 900713s1989 sp ||||1| spa d
020 _a84-345-8455-7
080 _a576.12
080 _a159.92
100 1 _aBarash, David P.
_925332
245 1 3 _aLa Liebre y la tortuga
_b: cultura, biologia y naturaleza humana /
_cDavid P. Barash.
260 _aBarcelona :
_bSalvat,
_c1989.
300 _a289 p. ;
_c19 cm.
490 1 _aBiblioteca científica Salvat ;
_v92
650 4 _aEvolución humana-
_vObras de divulgación.
_912628
650 1 4 _aConducta-
_vObras de divulgación.
_911259
830 0 _aBiblioteca científica Salvat ;
_v92
_9177703
852 _aES-MaACL
_jL-14172
_bR.117760
_z. - rust.
999 _c6948
_d6948